Normal view
MARC view
Entry Término temático
001 - NÚMERO DE CONTROL
- campo de control: 54893
003 - IDENTIFICADOR DEL NÚMERO DE CONTROL
- campo de control: OSt
005 - FECHA Y HORA DE LA ÚLTIMA TRANSACCIÓN
- campo de control: 20200615034635.0
008 - DATOS DE LONGITUD FIJA
- campo de control de longitud fija: 200615|| aca||aabn | a|a d
040 ## - FUENTE DE LA CATALOGACIÓN
- Centro catalogador/agencia de origen: OSt
- Centro/agencia transcriptor: OSt
150 ## - ENCABEZAMIENTO--TÉRMINO DE MATERIA
- Término de materia o nombre geográfico como elemento de entrada: PLANIFICACIÓN ESTRATÉGICA
- Subdivisión geográfica: REPÚBLICA DOMINICANA, SANTO DOMINGO
670 ## - FUENTE DE DATOS ENCONTRADOS
- Cita de la fuente: Work cat.: (OSt)27314: República Dominicana. Ayuntamiento del Distrito Nacional 9535, Hacia el plan estratégico de la ciudad de Santo Domingo de Guzmán /, [2002?].
